[Event "BCF-chT 0708 (4NCL)"]
[Site "Sunningdale"]
[Date "2008.05.05"]
[Round "11.8"]
[White "De Coverly, Roger D"]
[Black "Broomfield, Lucy J"]
[Result "1-0"]
[WhiteElo "2081"]
[BlackElo "1967"]
[PlyCount "87"]
[EventDate "2007.09.15"]
[EventType "team-tourn"]
[EventRounds "11"]
[EventCountry "ENG"]
[SourceTitle "EXT 2008"]
[Source "ChessBase"]
[SourceDate "2007.11.25"]
[SourceVersion "1"]
[SourceVersionDate "2007.11.25"]
[SourceQuality "1"]
[WhiteTeam "Sambuca Sharks"]
[BlackTeam "Cambridge"]
[WhiteTeamCountry "ENG"]
[BlackTeamCountry "ENG"]

1. Nf3 d5 2. g3 Nf6 3. Bg2 Nc6 4. d4 g6 5. c4 e6 6. 0-0 Bg7 7. Nc3 0-0 8. Ne5 Nxe5 9. dxe5 Nd7 10. cxd5 exd5 11. Qxd5 c6 12. Qb3 Nxe5 13. Bf4 Qe7 14. Rac1 Be6 15. Qc2 Rad8 16. Rfd1 Bf5 17. Be4 Bh3 18. Rxd8 Rxd8 19. Rd1 Rxd1+ 20. Nxd1 Qb4 21. Bd2 Qb6 22. a3 Nc4 23. Bf4 Qd4 24. Bc1 Nd6 25. Bg2 Bxg2 26. Kxg2 c5 27. f3 Nc4 28. b3 Na5 29. Be3 Qd5 30. b4 Nc4 31. Bxc5 Nxa3 32. Qa4 Qd8 33. Qxa3 Qxd1 34. Qe3 Qd7 35. Bxa7 Bf8 36. Bc5 Bxc5 37. bxc5 Qc6 38. h4 Qd7 39. Qe5 h5 40. Qd6 Qxd6 41. cxd6 Kf8 42. e4 Ke8 43. e5 Kd7 44. Kf2 1-0

[Event "BCF-chT 0708 (4NCL)"]
[Site "Sunningdale"]
[Date "2008.05.04"]
[Round "10.8"]
[White "Broomfield, Lucy J"]
[Black "Bhatia, Kanwal K"]
[Result "0-1"]
[WhiteElo "1967"]
[BlackElo "2064"]
[PlyCount "58"]
[EventDate "2007.09.15"]
[EventType "team-tourn"]
[EventRounds "11"]
[EventCountry "ENG"]
[SourceTitle "EXT 2008"]
[Source "ChessBase"]
[SourceDate "2007.11.25"]
[SourceVersion "1"]
[SourceVersionDate "2007.11.25"]
[SourceQuality "1"]
[WhiteTeam "Cambridge"]
[BlackTeam "Barbican II"]
[WhiteTeamCountry "ENG"]
[BlackTeamCountry "ENG"]

1. e4 e5 2. Nf3 Nc6 3. Bc4 Bc5 4. c3 Nf6 5. d3 d6 6. h3 a6 7. Bb3 h6 8. 0-0 0-0 9. Re1 Re8 10. Nbd2 Bb6 11. Nf1 Be6 12. Bxe6 fxe6 13. Ng3 Nd7 14. Be3 Qf6 15. Nh5 Qf7 16. Bxb6 Nxb6 17. Nh4 g6 18. Qg4 Kh7 19. Ng3 Rf8 20. Kh1 Nd7 21. Re3 g5 22. Rf3 Qg8 23. Rxf8 Rxf8 24. Nf3 Rf4 25. Qh5 Nf6 26. Nxg5+ Qxg5 27. Qf7+ Qg7 28. Qxe6 Rxf2 29. Kg1 Nd8 0-1